| 000 | 00600nam a2200205Ia 4500 | ||
|---|---|---|---|
| 005 | 20250923145407.0 | ||
| 008 | 008 250917s9999 xx 000 0 eng d | ||
| 037 | _aTextual | ||
| 040 |
_aDSWL _beng _cDSWL |
||
| 041 |
_aeng _2eng |
||
| 084 |
_aV2:51:N1xlM66, K1;1 _qDSWL |
||
| 100 |
_aWolpert, S.A. _9834834 |
||
| 245 | 0 |
_aTilak and Gokhale _c by S.A. Wolpert |
|
| 260 |
_aBerkeley _bUniversity of California Press _c1962 |
||
| 300 | _axviii,370p. | ||
| 365 |
_aUSD _b7 . 50 |
||
| 925 | _g7 . 50 | ||
| 942 |
_cTEXL _hV2:51:N1xlM66, K1;1 |
||
| 999 |
_c1450826 _d1450826 |
||